ARRUPE JESUIT UNIVERSITY

CORONAVIRUS -STOP THE SPREAD - CLEAN,DISINFECT,COVER

History of Western civilization II; (Record no. 128884)

MARC details
000 -LEADER
fixed length control field 00833cam a22002171 4500
001 - CONTROL NUMBER
control field 14870157
003 - CONTROL NUMBER IDENTIFIER
control field ARRUPE
005 - DATE AND TIME OF LATEST TRANSACTION
control field 20190131124116.0
008 - FIXED-LENGTH DATA ELEMENTS--GENERAL INFORMATION
fixed length control field 070530s1957 wiua 000 0 eng
010 ## - LIBRARY OF CONGRESS CONTROL NUMBER
LC control number 61061931
040 ## - CATALOGING SOURCE
Original cataloging agency DLC
Transcribing agency DLC
Modifying agency DLC
050 00 - LIBRARY OF CONGRESS CALL NUMBER
Classification number SPC. D103
Item number .H392 1967
300 ## - PHYSICAL DESCRIPTION
Other physical details illus.
Dimensions 26 cm.
100 1# - MAIN ENTRY--PERSONAL NAME
Personal name Hayes, Carlton J.H.
9 (RLIN) 44343
245 10 - TITLE STATEMENT
Title History of Western civilization II;
Statement of responsibility, etc Carlton J.H. Hayes, Marshall Whithed Baldwin and Charles Woosley Cole
250 ## - EDITION STATEMENT
Edition statement 2nd ed.
260 ## - PUBLICATION, DISTRIBUTION, ETC. (IMPRINT)
Place of publication, distribution, etc New York.,
Name of publisher, distributor, etc The Mcmillan Company,
Date of publication, distribution, etc 1967.
300 ## - PHYSICAL DESCRIPTION
Extent xviii, 939 p.
650 ## - SUBJECT ADDED ENTRY--TOPICAL TERM
Topical term or geographic name as entry element Civilization, Occidental
9 (RLIN) 44344
651 ## - SUBJECT ADDED ENTRY--GEOGRAPHIC NAME
Geographic name Europe
General subdivision History
9 (RLIN) 43961
700 1# - ADDED ENTRY--PERSONAL NAME
Personal name Anderson, Eugene Newton,
Relator term joint author.
9 (RLIN) 44345
906 ## - LOCAL DATA ELEMENT F, LDF (RLIN)
a 0
b ibc
c premunv
d 3
e ncip
f 19
g y-gencatlg
942 ## - ADDED ENTRY ELEMENTS (KOHA)
Source of classification or shelving scheme Library of Congress Classification
Koha item type SPC
Holdings
Withdrawn status Lost status Source of classification or shelving scheme Damaged status Not for loan Collection code Home library Current library Shelving location Date acquired Total Checkouts Full call number Barcode Date last seen Price effective from Koha item type
    Library of Congress Classification     SPECIAL Collection ARRUPE LIBRARY ARRUPE LIBRARY REFERENCE 31/01/2019   SPC. D103 .H392 1967 46600003562 31/01/2019 31/01/2019 SPC

 

Arrupe Library. PO Box MP320 Mt Pleasant, Harare, Zimbabwe
263 242 745411|librarian@aju.ac.zw